Normal view
MARC view
- Remington Rand, inc
Entry Corporate Name
001 - CONTROL NUMBER
- control field: 36968
003 - CONTROL NUMBER IDENTIFIER
- control field: NUST
005 - DATE AND TIME OF LATEST TRANSACTION
- control field: 20210314130136.0
008 - FIXED-LENGTH DATA ELEMENTS
- fixed length control field: 210314|| aca||aabn | a|a d
040 ## - CATALOGING SOURCE
- Original cataloging agency: NUST
- Transcribing agency: NUST
110 ## - HEADING--CORPORATE NAME
- Corporate name or jurisdiction name as entry element: Remington Rand, inc
670 ## - SOURCE DATA FOUND
- Source citation: Work cat.: (NUST): Remington Rand, inc., Progressive indexing and filing;, 1950 [i.e. 1951]
